[Event "Palma de Mallorca FIDE GP"]
[Site "Palma de Mallorca"]
[Date "2017.11.18"]
[Round "3"]
[White "Vallejo Pons, Francisco"]
[Black "Gelfand, Boris"]
[Result "1-0"]
[WhiteElo "2705"]
[BlackElo "2719"]
[Annotator "Quintiliano,R"]
[PlyCount "125"]
[EventDate "2017.11.16"]
[EventType "swiss"]
[EventRounds "9"]
[EventCountry "ESP"]
[SourceTitle "CBM 182"]
[Source "ChessBase"]
[SourceDate "2018.01.17"]
[SourceVersion "1"]
[SourceVersionDate "2018.01.17"]
[SourceQuality "1"]

1. e4 c5 2. Nf3 Nc6 3. Nc3 g6 4. d4 cxd4 5. Nxd4 Bg7 6. Be3 Nf6 7. Bc4 O-O 8.
Bb3 d6 {After a loss in the first round in his 8...d5 line, Gelfand changes to
the normal variation.} (8... d5 $5 {apparently, Gelfand has studied this idea
very deeply even in those positions where Black is not able to recover the
material, and should play the endgame with a pawn down. He managed to draw
against very well prepared players, like Giri and MVL in 2016. However, to
repeat the same line against such a player doesn't look a very wise decision}
9. exd5 Na5 10. O-O (10. Qd2 Nxb3 11. Nxb3 b5 $1 {this move gives good
compensation for the pawn} 12. Nxb5 Qxd5 13. Qxd5 Nxd5 14. Bd4 Rb8 $1 15. Bxg7
Kxg7 16. Na3 Nb4 17. O-O-O (17. O-O Bf5) 17... Nxa2+ 18. Kb1 Nb4 $11 {Vachier
Lagrave,M (2795)-Gelfand,B (2724) Moscow FIDE GP 2017 (3) 1/2}) 10... Nxb3 11.
Nxb3 b6 {[%csl Yd5] Black's idea is to surround the pawn with his pieces, so
White takes his chance and plays} 12. d6 $1 e6 $5 {Black avoids regaining the
material at the cost of creating a weakness in his camp} 13. Qf3 Rb8 14. Rfd1 {
MVL subtly improves White's play over Gelfand's last experience in this
position} (14. Rad1 Bb7 15. Qh3 Nd5 16. Nxd5 Bxd5 17. Bd4 Bxd4 18. Rxd4 Rc8 19.
Qh6 Qf6 20. Rc1 b5 {Adhiban,B (2670)-Gelfand,B (2737) chess.com IoM Masters
2017 (1.6) 1/2 and in the end Black managed to win the d-pawn -}) 14... Bb7 15.
Qh3 Rc8 (15... Nd5 16. Nxd5 Bxd5 17. Bd4 Bxd4 18. Rxd4 Rc8 19. Qh6 Qf6 20. c3
Rfd8 21. Rad1 $14) 16. Bd4 Nd5 17. Nxd5 Bxd5 18. Bxg7 Kxg7 19. Rac1 $1 {
[%csl Yd6] compared to Adhiban-Gelfand, the rooks are better placed now, and
the d6-pawn is still untouchable} b5 (19... Qxd6 $4 20. c4 $18) (19... Rc6 20.
Qg3 {and d6 is still indirectly protected}) 20. Qg3 Qf6 21. Nd4 b4 22. c4 $1
bxc3 (22... Rxc4 23. Rxc4 Bxc4 24. d7 Bd5 25. Qd6 $16) 23. Rxc3 Rxc3 24. bxc3
$16 {Vachier Lagrave,M (2796)-Gelfand,B (2719) Palma De Mallorca GP 2017 (1.2)
1-0 I don't know if this is the last word in the variation, but White
definitely kept a clear advantage in this game -}) 9. f3 Bd7 10. Qd2 Nxd4 {
This keeps the game in Accelerated Dragon territory.} (10... Rc8 11. O-O-O {
would transpose to pure Dragon positions.}) 11. Bxd4 b5 12. Nd5 {Vallejo goes
for a different, less played path.} ({The aggressive} 12. h4) ({and} 12. a4 {
are the main moves, but in recent games Black has obtained a good game against
these also, for example} b4 13. Nd5 Nxd5 14. Bxg7 Kxg7 15. exd5 Qb6 16. h4 h5
17. O-O-O Qa5 {[%csl Ga4];Vachier Lagrave,M (2796)-Giri,A (2771) Norway Chess
5th 2017 (7) 0-1 Winning the pawn, and after a bad handling of the attacking
possibilities by White, Black managed to consolidate the material advantage -})
12... Nxd5 13. Bxg7 $1 {An intermediate move that is always good, as on g7 the
black king is slightly exposed.} Kxg7 14. exd5 {Strangely, this typical
recapture, fixing the e7-pawn as a target and continuing with typical
attacking ideas on kingside, is not the main move here.} ({But I don't believe
that} 14. Bxd5 Rc8 15. h4 {gets any advantage for White} h6 {and Black has
enough resources to protect the kingside.} ({or even} 15... h5)) 14... a5 15.
a3 (15. a4 $6 {doesn't looks good now} Qb6 16. Qf2 Qxf2+ 17. Kxf2 {Cisko,M 
(2076)-Takacs,L (2139) SVK-ch U18 Tatralandia 2015 (5) 1/2} Rfc8 {[%csl Gc2]
[%cal Yb5a4]} 18. Rhc1 bxa4 19. Bxa4 Bxa4 20. Rxa4 Rab8 $1 $17) 15... Qb6 16.
O-O-O Rfc8 17. g4 $1 {Generally, White starts the offensive with h4, but here
it's necessary be careful with the threat of ...Bf5.} (17. h4 $2 {is actually
losing by force} a4 18. Ba2 Rxc2+ $1 19. Qxc2 (19. Kxc2 Bf5+) 19... Rc8 20.
Qxc8 Bxc8 $19 {[%cal Gb5b4] and despite the two rooks for the queen, any
Dragon player knows that with such an exposed king and ...b4 coming, White is
lost.}) 17... h5 $6 {Gelfand tries to fight for the f5-square, but White can
just keep the tension on kingside.} ({There was no need to rush, Black just
could have played} 17... Ra7 {[%cal Ya7c7,Ya5a4] and if} 18. h4 {Ramaswamy,A 
(2249)-Rajlich,I (2375) Wch U20 Girls 2001 (2) 0-1} (18. Kb1 Rac7 19. Rc1 Rb8
20. Rhe1 a4 21. Ba2 b4 $1 22. axb4 Qxb4 23. Qxb4 Rxb4 24. Rxe7 Rcb7 $132) 18...
h5 $1 {White can't hold the position with h3 here} 19. Qf4 (19. gxh5 $2 a4 20.
Ba2 Rxc2+ $1) 19... a4 20. Ba2 b4 $1 21. axb4 (21. Qxb4 Qxb4 22. axb4 hxg4 $15)
21... a3 $1 {and despite the complications, Black is fine, for example} 22.
Qd4+ (22. bxa3 Rxa3 23. Bb1 Qa6 $19 {[%cal Gc8c4]}) (22. Bb3 $2 a2 $1 $19)
22... Qxd4 23. Rxd4 Rca8 $1 24. b3 (24. Bc4 a2 $19) 24... hxg4 25. fxg4 Rb7 $13
{[%csl Ya2] and the position remains complicated, but the a2-bishop surely is
not an inspiring piece.}) 18. h3 $1 {Of course, White must keep the control
over f5.} Rab8 {After this, White is winning a pawn, although Black can hope
for some compensation.} ({A stronger move was} 18... Rc7 {[%cal Ya8c8,Ya5a4]
and the threat of Rac8-a4 is annoying, for example} 19. Kb1 (19. Rhe1 $2 Rac8 {
[%cal Ra5a4]}) 19... Rac8 20. Rc1 Rb8 $1 {and the position reached is similar
to the notes on Black's 17th move} 21. Rhe1 a4 22. Ba2 b4 $1 23. Qxb4 Qxb4 24.
axb4 Rxb4 25. Rxe7 Rcb7 {with good compensation for the pawn, for example} 26.
Ka1 $1 (26. b3 $6 {[%csl Ga2]} Rf4 27. Re3 Rd4 {[%csl Rd5]}) 26... Kf6 27. Rce1
Rxb2 28. Rxd7 Rxa2+ 29. Kxa2 Rxd7 $11) 19. Rhe1 a4 {Black has no choice, he
should play actively.} (19... Qd8 $2 20. Re4 {[%cal Yd1e1,Yd2e3]} Rc7 21. Rde1
Bc8 22. Kb1 {[%cal Rd2a5]} a4 23. Ba2 Rbb7 {Black's passive defence looks good,
but White has a nice plan to increase the pressure} 24. c3 Qf8 25. Ka1 $1 {
[%cal Ga2b1] bringing the bishop back to the game} Qh8 26. Bb1 Qh6 27. Qd4+ Kg8
28. Bd3 $16 {[%csl Gb5,Ge7][%cal Yd4f2,Ye4b4] Black's position remains
difficult, White has many plans like putting pressure on b5 or e7, and opening
lines on the kingside at the appropriate moment.}) (19... Re8 20. Re4 $16) 20.
Ba2 b4 $1 {The best practical chance.} 21. Qxb4 Qxb4 22. axb4 Rxb4 23. Rxe7 Rc7
$2 {Gelfand wants to play Rcb7 and to reach positions similar to another
previous note, but he is short of a tempo for seizing the initiative.} (23...
Bb5 $1 {was the best move and a difficult one} 24. gxh5 (24. Re3 Rf4 25. c3 Re8
$1 26. Rxe8 Bxe8 27. Rf1 Bd7 {[%csl Gg4]} 28. Kd2 hxg4 29. hxg4 Bxg4 30. Ke3 g5
$15) 24... Kf6 $1 {with many precise moves, Black is able to complicate
matters for White} 25. Rde1 (25. Rb7 Bd3 $1 {is a beautiful resource} 26. Rxb4
Rxc2+ 27. Kb1 Rd2+ 28. Kc1 Rc2+) 25... Bd3 $1 26. c3 (26. Bb1 gxh5 27. Rd7 Rb6)
26... a3 $1 {and after} 27. Kd2 Rxb2+ 28. Kxd3 Rxa2 29. hxg6 Kxg6 30. Rd7 Rf2
31. Rxd6+ Kg7 {Black seems to have chances in this endgame due to his passed
pawn, the rook's activity and White's weak pawns.}) 24. c4 $1 {Preventing ...
Rf4-ideas and freeing the second rank to protect b2.} Kf6 25. Rde1 Rcb7 26.
R1e4 h4 $2 {This just allows White to gain more space on the kingside.} (26...
Rxb2 $2 27. Rxd7 $18) (26... hxg4 $142 27. hxg4 g5 {would give more space for
the king.}) 27. f4 $16 {White's advantage is consolidated now.} Kg7 28. Re2 Kf8
29. R7e3 Rb8 30. Re4 Kg7 (30... f5 $6 {would be the wrong way to look for
active options} 31. Re7 Rxb2 32. Rxb2 Rxb2 33. Rxd7 Rxa2 34. gxf5 gxf5 35. Rxd6
$16 {[%csl Yc4,Yd5]}) 31. Re7 R8b7 32. R7e3 Rb8 33. Ra3 Kf6 34. Rc3 {My guess
is that Vallejo was just looking to reach the time control before taking any
concrete action, which is a nice strategy in positions where you have a
pleasant advantage and your opponent doesn't possess any counterplay.} Kg7 {
Black also should wait.} (34... g5 $2 {makes things easier for White} 35. Rf3
Re8 (35... gxf4 36. Rxf4+ Kg7 37. Ref2 Be8 38. g5 {[%cal Gf4h4]}) 36. fxg5+
Kxg5 37. Rxe8 Bxe8 38. Rf5+ Kg6 39. Rh5 $18) 35. Rf3 Kf6 36. Rd3 Kg7 37. Rd1
Kf6 38. Rdd2 Kg7 39. Re7 R8b7 40. Re3 Rb8 41. Ree2 Kf6 42. Rc2 R8b7 43. Kd1 {
The a2-bishop is restricted, but after properly protecting b2, White can
improve the king.} Rb8 44. Ke1 R4b6 45. Kf2 Rb4 46. Kf3 Kg7 47. Ke4 f5+ $5 {
It's difficult stay passive while your opponent improves his position, so,
Black tries a practical trap.} (47... R8b7 48. Kd4 Rb8 49. Kc3 R8b7 50. Re7 {
[%cal Ye7d7]} R4b6 51. Rce2 Rc7 (51... Kf6 52. c5 $1 dxc5 53. d6 {[%cal Re7f7]}
Bb5 54. Rxb7 Rxb7 55. Re5 {and Black is desperate} Bf1 $2 56. g5+ Kg7 57. Re7
$1 Rxe7 58. dxe7 Bb5 59. Bc4 Bc6 {this endgame is totally lost for Black}) 52.
b3 $1 {finally freeing the bishop from its prison} axb3 53. Bxb3 Rcb7 54. Bc2
$16 {[%cal Yc3d4,Yc2d3] White's advantage should be enough to win, but the
game is not over yet.}) 48. Kd3 $1 {Vallejo is aware.} (48. Kd4 $2 fxg4 $1 49.
Re7+ Kh6 50. Rxd7 Rxb2 51. Rxb2 (51. Kd3 $4 gxh3 52. Re7 a3 $19 {[%cal Rb2c2,
Rb8b2]}) 51... Rxb2 52. hxg4 h3 $13 {and the position is complex.}) (48. Kf3 $2
fxg4+ 49. hxg4 Kf7 {[%csl Yh4][%cal Gd7g4] and Black is already back in the
game.}) 48... fxg4 $2 {Now White wins by one tempo.} (48... Be8 {was the best
defence, but White can improve slowly again:} 49. Kc3 R4b7 50. g5 $1 Bf7 51.
Rc1 Kf8 52. Rb1 Rc7 53. Rd2 Re7 54. b4 $1 axb3 55. Rxb3 Rd8 56. Bb1 $16) 49.
Re7+ Kh6 50. Rxd7 gxh3 (50... Rxb2 51. hxg4 a3 (51... h3 52. c5 $1 dxc5 53. g5+
Kh5 54. Rh7+ Kg4 55. Rxb2 Rxb2 56. d6 $1 Rxa2 57. d7 Ra3+ 58. Kc4 $18) 52. Rxb2
axb2 53. Rxd6 $18 {[%csl Gc4,Gd5]}) 51. Rxd6 $1 {White's position looks easy,
but in fact this is the only winning move.} (51. Re7 $2 Rxb2 52. c5 dxc5 53.
Re3 a3 54. Rxb2 c4+ $1 55. Kxc4 Rxb2 56. Rxh3 Rxa2 57. Rxh4+ Kg7 $11) 51...
Rxb2 52. Re6 $18 {The rook is coming fast to stop the pawns.} h2 53. Re1 Rxc2
54. Kxc2 Re8 55. Rh1 Re2+ 56. Kc3 {One last moment of care, White gives up the
bishop as the connected passed pawns are decisive.} (56. Kb1 $4 Rg2 $19 {
[%cal Rg2g1]}) 56... Rxa2 57. c5 Ra3+ 58. Kb4 Rf3 59. c6 Rxf4+ 60. Kb5 Rd4 61.
c7 Rxd5+ 62. Kb4 Rd4+ 63. Kc3 1-0

[Event "EU-Cup 07th round of 32"]
[Site "Clichy"]
[Date "1989.07.12"]
[Round "1.1"]
[White "Birmingham, Eric"]
[Black "Pigusov, Evgeny"]
[Result "0-1"]
[WhiteElo "2365"]
[BlackElo "2520"]
[Annotator "RR"]
[PlyCount "74"]
[EventDate "1989.07.12"]
[EventType "team-match"]
[EventRounds "2"]
[EventCountry "FRA"]
[SourceTitle "EXT 2020"]
[Source "ChessBase"]
[SourceDate "2019.10.17"]
[SourceVersion "1"]
[SourceVersionDate "2019.10.17"]
[SourceQuality "1"]
[WhiteTeam "Clichy Echecs 92"]
[BlackTeam "Novosibirsk Vektor"]
[WhiteTeamCountry "FRA"]
[BlackTeamCountry "URS"]

1. e4 c5 2. Nc3 Nc6 3. Nge2 (3. g3 g6 4. Bg2 Bg7) 3... g6 4. d4 cxd4 5. Nxd4
Bg7 6. Be3 Nf6 7. Bc4 O-O 8. Bb3 d6 9. f3 Bd7 10. Qd2 Nxd4 11. Bxd4 b5 12. h4
a5 13. Nd5 e6 14. Bb6 Qb8 15. Nxf6+ Bxf6 16. Bxa5 Bxb2 17. Bc3 Bxc3 18. Qxc3
Qc8 $146 ({RR} 18... Rc8 19. Qf6 Qc7 20. Rd1 Ra6 21. Rd3 Qd8 22. Qf4 Qe7 23. h5
g5 24. Qd2 Kh8 25. O-O e5 26. Rd1 Rcc6 27. Qb4 Kg7 28. Rd5 Rcb6 29. g3 h6 30.
R1d3 Qf6 31. Kg2 Qe6 32. g4 Qf6 33. Rc3 {Garcia,G-Garcia,L/Bogota 1978/EXT 98/
1/2-1/2 (41)}) 19. Qb2 e5 20. O-O-O Ra6 21. h5 Be6 22. Kb1 Bc4 23. f4 Qe6 24.
fxe5 Qxe5 25. hxg6 Qxb2+ 26. Kxb2 fxg6 27. e5 $1 dxe5 28. Rd7 $36 {[%csl Rh7]
[%cal Gh1h7]} h5 29. g4 $1 {Appliquant le principe important de l'activité des
R en finale} Bxb3 30. axb3 Rfa8 31. gxh5 b4 $1 {[%csl Rb2,Rh1][%cal Ga6a2]} 32.
Rh4 Ra2+ 33. Kc1 Rc8 {[%csl Rc2]} 34. Rxb4 Raxc2+ 35. Kd1 gxh5 36. Rb5 (36. Rh4
) (36. Rbb7 {[%cal Gd7g7]} Rg2 $15) (36. Rd5) 36... Rg2 37. Rxe5 $4 $138 Ra8 {
[%cal Ga8a1]} 0-1

[Event "EU-ch 3rd"]
[Site "Batumi"]
[Date "2002.06.17"]
[Round "6"]
[White "Yegiazarian, Arsen"]
[Black "Cheparinov, Ivan"]
[Result "0-1"]
[WhiteElo "2567"]
[BlackElo "2457"]
[Annotator "Rogozenco,D"]
[PlyCount "110"]
[EventDate "2002.06.12"]
[EventType "swiss"]
[EventRounds "13"]
[EventCountry "GEO"]
[SourceTitle "CBM 090"]
[Source "ChessBase"]
[SourceDate "2002.09.20"]
[SourceVersion "1"]
[SourceVersionDate "2002.09.20"]
[SourceQuality "1"]

1. e4 c5 2. Nc3 Nc6 3. Nf3 g6 4. d4 cxd4 5. Nxd4 Bg7 6. Be3 Nf6 7. Bc4 O-O 8.
Bb3 d6 9. f3 Bd7 10. Qd2 Nxd4 11. Bxd4 b5 {A well-known move order. Black is
using the fact that White retreated his bishop to b3.} 12. a3 $5 {Never
regarded as a principled continuation. However, White has a highly interesting
idea.} (12. h4) 12... a5 13. Nd5 $1 Nxd5 14. Bxg7 Kxg7 15. exd5 $1 {Black has
difficulties to create counterplay in the present pawn structure. The bishop
on b3 looks passive, but it plays an important defensive role. In order to
open the queenside, Black is practically forced to sac a pawn. Otherwise the
queenside remains closed and on the other wing White will create an attack.}
Rc8 {Now we'll have the transposition to a favourable line for White.} (15...
Qb6 {Doesn't solve problems. White has a slight advantage, which has the
potential of increasing quickly.} 16. O-O-O b4 (16... Rfc8 17. Rhe1 $14) 17. a4
$14) (15... e5 $5 16. dxe6 Bxe6 $13) 16. h4 ({Or immediately} 16. O-O-O {
which makes little difference to the game. After 16.0-0-0 we have a
transposition to another line, rightly considered by theory as favourable for
White. It arises usually via a different move order: 10. ... Rc8 11.Bb3 Nxd4 
(also an attempt to avoid main lines) 12 Bxd4 b5 13 Nd5 Nxd5 14 Bxg7 Kxg7 15
exd5! a5 16.a3. Two examples of handling the position with White are presented
below. In both games the mentioned move order happened:} Qb6 17. Rhe1 Rfe8 18.
g4 b4 (18... Rc7 19. Kb1 Bc8 20. Re3 Qa7 21. Rde1 Qb6 22. Re4 Qa7 23. h3 Qb6
24. Ka1 Qa7 25. h4 h6 26. h5 g5 27. f4 a4 28. Ba2 Bxg4 29. fxg5 Bxh5 30. Qh2 {
1-0 Macieja,B-Rogozenko,D/Istanbul 2000}) 19. a4 Qc5 20. Kb1 e5 21. dxe6 Bxe6
22. h4 Bxb3 23. cxb3 Rxe1 24. Rxe1 h5 (24... h6 $142 {Anand}) 25. Ka2 $16 {
1-0 Anand,V-Tiviakov,S/Wijk aan Zee 2001 (45)}) 16... h6 17. O-O-O b4 $5 {
Trying to change the character of the position, because as mentioned above,
after a "normal" play White's chances are higher.  However, it doesn't look
like Black would have enough play for the pawn after 17...b4.} 18. Qd4+ $2 {
This is difficult to understand. Black would be happy to remove the king from
possible checks on the long diagonal even without being forced.} (18. a4 $2 Qe8
) (18. axb4 axb4 19. Qxb4 Rb8 20. Qc3+ (20. Qd4+ $5) 20... Kg8 {and comparing
to the game White is a tempo up. Black might still have some compensation, but
one cannot neglect the time factor.  White has advantage here.}) 18... Kg8 19.
axb4 axb4 20. Qxb4 Rb8 21. Qc3 Qb6 {Now Black has a typical compensation. Open
files on the queenside provide a long-term compensation.} 22. Rd4 (22. Bc4 Rfc8
23. b3 e5 $5 $44 (23... Bb5 24. Rd4 Bxc4 25. Rxc4 Rxc4 26. Qxc4 Qf2 $13)) 22...
Rfc8 23. Rc4 e5 24. Re1 Rxc4 25. Bxc4 Ra8 (25... Qf2 {also possible.}) 26. b3
Qf2 27. h5 gxh5 (27... Qxg2 $5) 28. Kb2 Bf5 29. Bb5 (29. Re2 Qg1 $1 {[%csl Ra1]
} (29... Qf1 30. Qe1) (29... Qa7 30. Kc1) 30. Qe1 Qd4+ 31. c3 Qc5 $19) 29... h4
$6 (29... Qxg2 {Black could take the pawn and have a decisive advantage:} 30.
Bc6 Rb8 31. f4 {What else?} exf4 {White cannot do anything because of the
weakness on c2.} 32. Qd4 (32. Rc1 f3 $19) 32... Qxc2+ 33. Ka1 Qxb3 34. Rg1+ Bg6
$19) 30. Re2 Qg1 (30... Qa7 31. Ba4 Bd7 32. Re4 f5 33. Rc4 $16) 31. Ba4 Kh7 32.
Qb4 {White clearly is loosing the thread of the game.} (32. Qc7 $1 {[%csl Rd6,
Rf7] seems like forcind a draw:} Qd4+ 33. c3 Qxd5 34. Bc6 Qd3 35. Qxf7+ Kh8 36.
Qf6+ Kg8 (36... Kh7 37. Qxf5+ Qxf5 38. Be4 $16 {/+-}) 37. Bd5+ Qxd5 38. Qxf5
Qd1 39. Qe6+ Kf8 40. Qxh6+ Kf7 41. Qh7+ Ke6 42. Qg6+ Kd7 43. Qf7+ Kc6 (43...
Kc8 44. Qc4+) 44. Qc4+ Kb7 45. Qb5+ Kc7 46. Qc4+ $11) 32... Rg8 33. Qd2 (33.
Qxd6 Rxg2 34. Rxg2 Qxg2 35. Qc7 Qg7 $1 36. Bd7 $1 Bxd7 37. Qxd7 Qf6 {and Black
has good chances to win.}) 33... Rg3 34. Rf2 Qh1 35. Bb5 h3 36. gxh3 Rxf3 $17
37. Rh2 Qg1 38. h4 Rf4 39. Bc4 Qg3 40. h5 Be4 41. Re2 Bf3 42. Re3 Qg7 43. Qc3
Bxh5 44. Bd3+ f5 45. Bc4 Bg6 46. b4 Rg4 47. b5 f4 48. Rh3 Qa7 49. Rh1 Rg3 50.
Bd3 Bxd3 51. cxd3 Rg2+ 52. Kc1 Rg7 53. Kb2 Rc7 54. Qd2 Qd4+ 55. Ka3 Rc3+ 0-1

[Event "Asia-ch"]
[Site "Kolkata"]
[Date "2001.08.16"]
[Round "10"]
[White "Mahjoob, Morteza"]
[Black "Annageldyev, Orazly"]
[Result "0-1"]
[WhiteElo "2335"]
[BlackElo "2485"]
[Annotator "Rogozenco,D"]
[PlyCount "74"]
[EventDate "2001.08.09"]
[EventType "swiss"]
[EventRounds "11"]
[EventCountry "IND"]
[SourceTitle "CBM 085"]
[Source "ChessBase"]
[SourceDate "2001.11.13"]
[SourceVersion "1"]
[SourceVersionDate "2001.11.13"]
[SourceQuality "1"]

1. e4 c5 2. Nf3 Nc6 3. Nc3 g6 4. d4 cxd4 5. Nxd4 Bg7 6. Be3 Nf6 7. Bc4 O-O 8.
Bb3 d6 9. f3 Bd7 10. Qd2 Nxd4 11. Bxd4 b5 12. h4 a5 13. a4 bxa4 14. Nxa4 Be6
15. Bxe6 fxe6 16. h5 $6 $146 (16. g4 Qc7 17. h5 (17. Qc3 Qb7 18. h5 $2 Nxe4 $1
$19 {0-1 Bjuhr,A-Edelsvard,O/SVE-ch29 corr 1969 (42)}) 17... gxh5 18. gxh5 Kf7
19. b3 $16 {1-0 Ivanovic,B-Larsen,B/New York 1988 (48)}) 16... Nxh5 17. Bxg7
Kxg7 18. g4 {White started a direct attack which does not work - his knight is
too far on a4.} Nf4 19. Qh2 h5 20. gxh5 e5 {Thanks to the very strong knight
on f4 Black can easily defend against White's attack.} 21. O-O-O (21. hxg6 Rh8)
21... Rh8 $1 (21... Nxh5 22. Rdg1 (22. Nc5 Qc8 23. Nd3 Rh8 24. Rdg1 Qe6) 22...
Nf4 $13) (21... gxh5 22. Nc3 {[%cal Gc3d5,Gc3e2] after trading knights, White
will have a strong attack against black king.}) 22. h6+ Kh7 {Now that kingside
is relatively closed, Black can concentrate on his own attack.} 23. Qh4 Ra7 24.
Rh2 Rb7 $15 {/-/+.} 25. Nc5 {The right decision to trade knights. However,
Black can create attack with rooks and queen only, while the k-side remains
defended.} Rb5 26. Nd3 Rf8 $1 27. Qg5 a4 28. Kb1 $6 (28. Nxf4 Rxf4 29. Rd3 Rf6
{[%cal Gd8b6]} 30. Qe3 Qb8 $40) 28... a3 29. b3 Qc7 30. Nxf4 exf4 $1 $19 31.
Rd5 (31. Qxb5 Qc3 32. Kc1 a2 $19) 31... a2+ 32. Kxa2 Ra8+ 33. Kb2 Qa7 34. Kc1 (
34. Kc3 e5 $1 {with the idea Rxd5 and Qd4 mate.}) 34... Rxd5 35. exd5 Qa1+ 36.
Kd2 Qd4+ 37. Ke2 Qe3+ 0-1